Samuel Hubbard Questioner - Statistics

General Stats
  • This quiz has been taken 7 times
  • The average score is 9 of 15
Answer Stats
Hint Answer % Correct
How many goals did I have in my highest scoring game? 4
100%
How many penalties to I have this year? 4
100%
What month am I born in? July
100%
Am I ferda? Yes
100%
How much can I bench press on a good day? 135
60%
How much do I weight? 140
60%
How many countries can I name in 15 minutes? 196
60%
Where was I born? Duluth
60%
Who is my Fortnite duo partner? Jj
60%
What is my baseball number + my hockey number? 26
40%
Who was in the victim in the June 12th Incident? Faith
40%
What is my 2nd hour class? Foods
40%
Who is my "P"? Jerimiah
20%
What are the funniest type of jokes? Tegan
20%
What is my favorite candy? Starburst
0%
No matching quizzes found
Score Distribution
Percent of People with Each Score
Percentile by Number Answered
Your Score History
You have not taken this quiz